366 cerita pengembaraan

Bibliographic Details
Other Authors: Mohd Kamal Arsyad, Nurul Mardhiah
Format: Book
Published: Kuala Lumpur : Edukid Publication Sdn. Bhd. , 2015
Subjects:

MARC

LEADER 00000cam a2200000 7i4500
001 0000190852
005 20150303.0
020 |a 9789673641727 
090 0 0 |a JF   |b MIC 
245 1 0 |a 366 cerita pengembaraan   |c Stephen Michael; penterjemah, Nurul Mardhiah; ilustrator, Mohd Kamal Arsyad 
260 |a Kuala Lumpur :   |b Edukid Publication Sdn. Bhd. ,   |c 2015 
300 |a 211p. :   |b col.,ill. ;   |c 27cm. 
650 0 |a Children's stories, Malay 
700 0 |a Mohd Kamal Arsyad 
700 0 |a Nurul Mardhiah 
999 |a 00304873   |b BUKU   |c PINJAMAN   |e PERPUSTAKAAN KOMUNITI CAW KOTA DAMANSARA 
999 |a 00304874   |b BUKU   |c PINJAMAN   |e PERPUSTAKAAN KOMUNITI CAW KOTA DAMANSARA 
999 |a 00315909   |b BUKU   |c PINJAMAN   |e PERPUSTAKAAN KOMUNITI CAW TAMAN MEDAN 
999 |a 00315910   |b BUKU   |c PINJAMAN   |e PERPUSTAKAAN KOMUNITI CAW TAMAN MEDAN 
999 |a 00315911   |b BUKU   |c PINJAMAN   |e PERPUSTAKAAN KOMUNITI PETALING JAYA 
999 |a 00315912   |b BUKU   |c PINJAMAN   |e PERPUSTAKAAN KOMUNITI PETALING JAYA